000 01322cad a22002775a 4500
001 L141727
008 071217e20071206xxk f l f000 0 eng d
035 _a(Sirsi) u141727
041 0 _aeng
050 0 4 _a336.22 $2 18
245 0 4 _aThe Stamp Duty Land Tax (Zero-Carbon Homes Relief) Regulations 2007
_h[electronic resource]
260 _aLondon
_bOPSI
_c2007
490 0 _aStatutory Instrument
_v2007: 3437
520 _aCame into force 7 December 2007. Provides for approval of a methodology determining whether a house meets the criteria for zero-carbon homes relief. Maisonettes and flats do not qualify. Applies retrospectively to acquisition since 1 October 2007, and until 1 October 2012. This legislation is apart of the Government's attempt to realise its ambitions that all new homes should be zero carbon by 2012.
521 1 _aAdvanced
590 _aKA
650 2 4 _aSTAMP DUTY LAND TAX (ZERO-CARBON HOMES RELIEF) REGULATIONS 2007
650 2 4 _aFINANCE ACT 2003
650 2 4 _aBUILDING REGULATIONS 2000
650 2 4 _aCODE FOR SUSTAINABLE HOMES
650 2 4 _aFINANCE BILL 2007
651 4 _aUnited Kingdom
_y
690 _aPROPERTY-PROPERTY TAXATION-STAMP DUTY LAND TAX
856 4 0 _uhttps://www.opsi.gov.uk/si/si200734
_zView the Regulations free of charge at www.opsi.gov.uk...
942 _n0
999 _c107749
_d107749